000 00999 a2200205 4500
001 54621
005 20260407155821.0
008 260407a1984 arg spa d
003 AR-UNSa-BCEJYS
040 _aAR-UNSa-BCEJYS
_bspa
_cAR-UNSa-BCEJYS
080 _a338.2
_xPolítica económica. Control de la economía. Gestión de la economía. Planificación económica
245 1 0 _aDe la dictadura al socialismo democratico
_pAnálisis sobre el cambio de modelo socioeconómico en España
020 _a84-7209-177-5
264 1 _aMadrid :
_bUnion Editorial
_c1984
300 _a269 p.
_c21,5
505 _a1. De la dictadura a la autocracia – 2. El modelo socioeconómico de la autocracia: principios, funcionamiento y crisis - 3. El cambio de modelo socioeconómico – 4. Los cambios económicos – 5. Crisis económica y crisis financiera – 6. El cambio del modelo en la política de renta.
942 _cBK
590 _aniveau_biblio:m niveau_hierar:0
100 1 _aNieto de Alba, Ubaldo
999 _c5695
_d5695